colour source book
Guardat en:
| Autor principal: | |
|---|---|
| Format: | Llibre |
| Idioma: | anglès |
| Publicat: |
Flame tree
2007
|
| Etiquetes: |
Afegir etiqueta
Sense etiquetes, Sigues el primer a etiquetar aquest registre!
|
MARC
| LEADER | 00000nam a22000007a 4500 | ||
|---|---|---|---|
| 008 | 201210b ||||| |||| 00| 0 eng d | ||
| 020 | |a 978-1-84451-400-7 | ||
| 100 | |a ORMISTON,ROSALIND . | ||
| 245 | |a colour source book |c ORMISTON,ROSALIND , MICHEAL ROBINSON | ||
| 260 | |b Flame tree |c 2007 |h london |i 691409, 691410 |l TR510.Or5 |m Colour photography | ||
| 942 | |a lcc |c BK |e ogunleye | ||
| 952 | |0 0 |1 0 |2 lcc |4 0 |6 TR0510 O R5 |7 0 |9 340 |a HOL |b HOL |d 2020-12-10 |l 0 |o TR510.Or5 |p 2020-2075 |r 2020-12-10 00:00:00 |w 2020-12-10 |y BK | ||
| 952 | |0 0 |1 0 |2 lcc |4 0 |6 TR0510 O R5 |7 0 |9 341 |a HOL |b HOL |d 2020-12-10 |l 0 |o TR510.Or5 |p 2020-2076 |r 2020-12-10 00:00:00 |w 2020-12-10 |y BK | ||
| 999 | |c 160 |d 160 | ||